000 00608nam a2200181 i 4500
001 46087
003 ES-MaACL
005 20250828084000.0
007 t|
008 030327s1956 sz ||||1| fre d
111 2 _aConférence Internationale de l'Instruction Publique (
_n19ª.
_d1956.
_cGinebra)
_9152
245 1 2 _aL'enseignement des mathématiques dans les ecoles secondaires.
260 _aGenève :
_bBureau International d'Education,
_c1956.
300 _a270 p. ;
_c24 cm.
710 2 0 _aOficina Internacional de Educación
_96022
852 _aES-MaACL
_jC-12666
_bR.39490
999 _c46087
_d46087